000 00328pab a2200145 454500
008 180718b1983 xxu||||| |||| 00| 0 eng d
100 _aTanor, Bulent
245 _aRestructuring democracy in Turkey
260 _c1983
300 _a75-86
362 _aDec.
650 _aDemocracy - Turkey
773 _aReview
909 _a7242
999 _c7242
_d7242